| 000 | 00418cam a2200169ua 4500 | ||
|---|---|---|---|
| 020 | _cRs 2.00 | ||
| 041 |
_amal _h |
||
| 082 |
_a894.812 03 _bNAR/AT |
||
| 100 | _aNarayana Pisharodi, K P . | ||
| 245 |
_aAttoor / _cK P Narayana Pisharodi. _hTextual Documents |
||
| 260 |
_aThrissur : _bCurrent Books , _c1966. |
||
| 300 | _a123 ; . | ||
| 365 | _aRs 2.00 | ||
| 504 | _a | ||
| 942 | _cBK | ||
| 999 |
_c591 _d591 |
||